| 000 | 00849nam a22002417a 4500 | ||
|---|---|---|---|
| 003 | DO-SdBNP | ||
| 005 | 20171127113447.0 | ||
| 008 | 161031b 1985 sp ac 00| 0 spa d | ||
| 020 | _a8475232140 (o.c.) | ||
| 020 | _a8475232159 (t. 1) | ||
| 040 |
_aBPMSU _bspa _cBPMSU |
||
| 082 |
_axxxx _bxxxx |
||
| 100 |
_aCousteau, Jacques Yves _d1910-1997 |
||
| 245 | 1 | 4 |
_aLos secretos del mar / _cJacques Yves Cousteau |
| 260 |
_aMadrid : _bUrbion, _c1985. |
||
| 300 |
_av. : _bil., retr. _c30 cm. |
||
| 500 | _aLa biblioteca posee el volumen 1. | ||
| 505 | 2 |
_tUna vida para el mar -- _tEl Calypso -- _tLos largometrajes -- _tLas escafandras autónomas -- _tObjetivo 350 -- _tLas ´´Pulgas´´ -- _tEl mar en imágenes -- |
|
| 910 | _a000144 | ||
| 942 |
_2ddc _cBK |
||
| 945 | _aInventariado extranjero / 2017 YL | ||
| 956 |
_aYLOCKWARD _b10 _c20171127 _d144 |
||
| 999 |
_c13112 _d13112 |
||